Transport geography/ (Record no. 40341)
[ view plain ]
| 000 -LEADER | |
|---|---|
| fixed length control field | 00731nam a22002057a 4500 |
| 005 - DATE AND TIME OF LATEST TRANSACTION | |
| control field | 2010080905465.0 |
| 010 ## - LCCN (DPL NO) | |
| LC control number | ENG-99096 |
| 020 ## - INTERNATIONAL STANDARD BOOK NUMBER | |
| International Standard Book Number | 9789380173900 |
| Terms of availability | 120.00 |
| 035 ## - SYSTEM CONTROL NUMBER | |
| System control number | EN-82628 |
| 037 ## - SOURCE OF ACQUISITION | |
| Source of stock number/acquisition | DBAD/PUB |
| 082 ## - DEWEY DECIMAL CLASSIFICATION NUMBER | |
| Classification number | 380.50941 |
| 245 ## - TITLE STATEMENT | |
| Title | Transport geography/ |
| Statement of responsibility, etc | etited by S.Maheswari |
| 260 ## - PUBLICATION, DISTRIBUTION, ETC. (IMPRINT) | |
| Place of publication, distribution, etc | Koradacherry |
| Name of publisher, distributor, etc | Aruma publication |
| Date of publication, distribution, etc | 2009 |
| 270 ## - ADDRESS | |
| Address | 35,Gandhi Colony |
| City | Thiruvarur |
| Postal code | 613703 |
| 300 ## - PHYSICAL DESCRIPTION | |
| Extent | 224p. |
| Dimensions | 21cm (pbk) |
| 500 ## - GENERAL NOTE | |
| General note | Includes bibliographical references |
| 700 ## - ADDED ENTRY--PERSONAL NAME | |
| Personal name | S.Maheswari |
| 9 (RLIN) | 9310 |
| 942 ## - ADDED ENTRY ELEMENTS (KOHA) | |
| Source of classification or shelving scheme | Dewey Decimal Classification |
| Item type | English Books |
| Classification part | 380.50941 |
| Call number suffix | TRA |
| Withdrawn status | Lost status | Not for loan | Collection code | Home library | Current library | Date acquired | Source of acquisition | Cost, normal purchase price | Full call number | Barcode | Copy number | Cost, replacement price | Koha item type |
|---|---|---|---|---|---|---|---|---|---|---|---|---|---|
| Not For Loan | Non-fiction | D.B.Act.Division | D.B.Act.Division | 09/08/2010 | DBAD/PUB | 120.00 | 380.50941 TRA | EN-82628 | 1 | 120.00 | English Books |
